| 000 | 00650nam a22002057a 4500 | ||
|---|---|---|---|
| 008 | 150520b xxu||||| |||| 00| 0 eng d | ||
| 020 | _a0131418831 (v. 1 : alk. paper) | ||
| 020 | _a0131418815 (v. 2) | ||
| 020 | _a0131418823 (v. 3) | ||
| 041 | 0 | _aeng | |
| 080 | _a53 | ||
| 100 | _aFishbane, Paul M. | ||
| 245 | 0 | 0 |
_aPhysics for scientists and engineers / _cPaul M. Fishbane, Stephen G. Gasiorowicz, Stephen T. Thornton. |
| 260 |
_aUpper Saddle River, N.J. : _bPearson Prentice Hall, _cc2005. |
||
| 300 |
_a3 volume _bme il. ; _c28 cm |
||
| 650 | 0 | _aFizika | |
| 700 | 1 | _aGasiorowicz, Stephen. | |
| 700 | 1 | _aThornton, Stephen T. | |
| 942 |
_2udc _cBK |
||
| 999 |
_c839 _d839 |
||